LEADER 01532nam0 2200325 450 001 000042023 005 20161220121146.0 010 $a84-7039-616-1 100 $a20160217d1991----km-y0itaa50------ba 101 0 $aspa 102 $aES 200 1 $aCritica textual y anotacion filologica en obras del siglo de oro$eactas del Seminario Internacional para la edicion y anotacion de textos del Siglo de Oro, Pamplona, Universidad de Navarra, Abril 1990$fIgnacio Arellano, Jesús Cañedo (Eds.) 210 $aMadrid$cCastalia$d1991 215 $a606 p.$d25 cm. 225 2 $aNueva biblioteca de erudicion y critica$v4 410 0$12001$aNueva biblioteca de erudicion y critica$v4 606 1 $aLetteratura spagnola$xStoria [e] critica$z1500-1700 676 $a860.9001$v(22. ed.)$9Letteratura spagnola. Storia, descrizione e studi critici. Primo periodo, fino al 1369 702 1$aArellano,$bIgnacio 702 1$aCañedo,$bJesús 710 01$aSeminario internacional para la edicion y anotacion de textos del siglo de oro$f<1990;$ePamplona>$0758308 801 0$aIT$bUniversità della Basilicata - B.I.A.$gREICAT$2unimarc 912 $a000042023 996 $aCritica textual y anotacion filologica en obras del siglo de oro$91531349 997 $aUNIBAS BAS $aLETTERE CAT $aEXT019$b05$c20160217$lBAS01$h1617 CAT $aMDL$b30$c20161220$lBAS01$h1211 FMT Z30 -1$lBAS01$LBAS01$mBOOK$1BASA1$APolo Storico-Umanistico$2DSLF$BCollezione DiSLF$3DF/SE258$64056$5F4056$820160217$f02$FPrestabile Generale